[Event "RUS-ch 64th"]
[Site "Moscow"]
[Date "2011.08.15"]
[Round "7"]
[White "Galkin, Alexander"]
[Black "Kramnik, Vladimir"]
[Result "0-1"]
[WhiteElo "2598"]
[BlackElo "2781"]
[Annotator "Marin,M"]
[PlyCount "70"]
[EventDate "2011.08.08"]
[EventType "tourn"]
[EventRounds "7"]
[EventCountry "RUS"]
[EventCategory "19"]
[SourceTitle "CBM 144"]
[Source "ChessBase"]
[SourceDate "2011.09.16"]
[SourceVersion "1"]
[SourceVersionDate "2011.09.16"]
[SourceQuality "1"]

1. e4 {It would have been interesting to make bets during the first few moves,
regarding which opening will actually be played. After each move, the
expectations will change drastically, as we will see.} d6 {So, Kramnik invites
his opponent to the Pirc, an opening that he has included in his repertoire
just a few years ago.} 2. d4 Nf6 3. f3 {White prefers to threaten with a
transposition to the Sämisch King's Indian, after c4 and Nc3.} c5 {Declining
the offer and launching a new invitation to the Benoni!} ({I must confess that
recently I got tricked by this move order. I played} 3... g6 4. Be3 Nbd7 {
, being ready for either the Pirc or the KI, but then got out of my
preparation rather soon.} 5. Qd2 $1 {Inviting Black to define his intentions.}
({I was ready for} 5. c4 Bg7 6. Nc3 O-O 7. Qd2 c5 {, which I had studied with
a pupil of mine some time ago.}) 5... c6 ({In the Pirc, I do not tend to
develop the bishop too soon:} 5... Bg7 6. Nc3 {followed by Bh6.}) 6. c4 (6. Nc3
b5 {was my last hope.}) 6... a6 7. Nc3 e5 8. O-O-O {Perez Mitjans,O (2452)
-Marin,M (2548) Barcelona 2011 (1-0, 42). Finally, I got trapped in a
variation that I had never studied and eventually lost.}) 4. Ne2 {After all
probabilities, it will now become a Sicilian English Attack.} (4. d5 {may
transpose to a Benoni, although some deviations are possible:} g6 (4... e6 5.
c4 b5 {Dreev,A (2676)-Saldano Dayer,H (2414)/Chalkidiki 2002/CBM 092/[Erenburg]
(1-0, 31)}) 5. c4 Bg7 6. Ne2 O-O 7. Nec3 e6 {Sadler,M (2667)-Tkachiev,V (2634)/
Enghien les Bains 1999/CBM 070/[Tsesarsky] (0-1, 44). The position looks like
a Benoni, but the disposition of White's knights is slightly different.}) (4.
c3 {would lead to an Alapin Sicilian! One interesting way to fight for the
initiative is} e6 (4... cxd4 5. cxd4 g6 6. Nc3 Bg7 7. Bd3 O-O 8. Nge2 e5 9. d5
Nbd7 10. Be3 {unexpectedely leads to a genuine Sämisch KI!! Usually, the
exchange of the c-pawns takes place after d4-d5, ...c6xd5, as happened in some
of Kasparov's games.}) 5. dxc5 d5 $5 {Shibut,M (2336)-Khachian,M (2473)/
Minneapolis 2005/CBM 107/[Rogozenko] (0-1, 22)}) 4... e6 5. Be3 {Renewing the
invitation to a Sicilian.} (5. dxc5 Qa5+ 6. Nbc3 dxc5 (6... Qxc5 $5 7. Nd4 a6
8. Be3 {leads to a Scheveningen in which Black may wonder why he had developed
his queen so soon.}) 7. Be3 a6 8. g3 Be7 9. Bg2 O-O 10. O-O Rd8 11. Qe1 Nc6 12.
Kh1 Qc7 13. f4 b6 14. h3 Bb7 $13 {Kurnosov,I (2419)-Zablotsky,S (2381)/
Vladimir 2002/CBM 087 ext (1-0, 40)}) 5... d5 $5 $146 {A new possibility pops
up: the French!} 6. dxc5 {Finally, the game takes an independent course. The
game belongs to B07. In other words, it is a Pirc, as I had announced a long
time ago!} (6. e5 Nfd7 7. f4 Nc6 {looks nice for Black. White's minor pieces
are far from optimally placed for the French structure.}) 6... Nbd7 {The
players are not too interested in solving the pawn tensions at this stage of
the game. Development is more important.} 7. Nbc3 (7. exd5 Nxd5 8. Bd4 Bxc5 $11
9. Bxg7 $2 Qb6 $40) 7... dxe4 8. b4 b6 $5 {Very sharp.} ({He could have
carried out a similar break under less complicated circumstances with:} 8... a5
9. a3 exf3 10. gxf3 axb4 11. axb4 Rxa1 12. Qxa1 b6 $132 13. c6 $2 Ne5 $17) 9.
c6 Bxb4 $1 10. cxd7+ Bxd7 $44 {At the cost of a piece, Black has obtained the
freer development and the possibility of taking the king to a safe place.
White will remain underdeveloped for almost all the rest of the game and his
king will be under permanent attack.} 11. a3 Ba5 12. Qd4 Qe7 13. fxe4 e5 {
Somehow, the central structure ressembles the Sicilian now, but maybe it is
now too late to speak about the opening.} 14. Qd3 O-O 15. Bg5 Rac8 16. Bxf6
Qxf6 $1 17. O-O-O (17. Qxd7 Qh4+ 18. g3 Qxe4 {[%cal Ga5c3]} 19. O-O-O Qxh1 $17)
17... Be6 18. Nd5 {The most natural way to try getting developed. Otherwise,
the knights would have remained immobile.} Bxd5 19. exd5 e4 $1 {[%cal Gf6a1] /
\ 20...Qa1#} 20. Qd4 (20. Qb3 Qa1+ 21. Qb1 Qxa3+ 22. Qb2 Qc5 $40) 20... Qd6 21.
h4 $6 {After giving up his a3-pawn, White's material advantage will become
almost insignificant, while his king will be even more exposed.} (21. Kb2 {
was necessary, although Black would have good play anyway:} Rfe8 22. h4 b5 $44
{[%cal Gc8c4,Gb5b4,Ga5b6,Gb6c5]}) 21... Qxa3+ 22. Qb2 Qc5 $40 23. Rh3 {The
counterattack initiated by this move is too slow.} (23. h5 $5 {[%cal Gh5h6]
may cause a bit more confusion.} h6 24. Rh4 f5) 23... e3 24. Rg3 Bd2+ 25. Kb1
g6 26. h5 Rfe8 $1 {Anticipating the threats with developing moves.} 27. hxg6 (
27. h6 Re5 $1 {[%csl Gc2]}) 27... hxg6 28. Rh3 Re5 $1 $15 {[%cal Gc5d5]} 29.
Nc1 Bc3 30. Qb3 $2 (30. Qa2 Re4 31. Nb3 Rb4 32. Ba6 Rc7 $40 {/\...b5, ...Ra4})
30... Re4 $19 31. Na2 (31. Qa2 Rb4+ 32. Nb3 a5 $19) 31... Qa5 32. Ba6 Rb4 33.
Bxc8 Rxb3+ 34. cxb3 e2 35. Nxc3 Qxc3 $1 {An imaginative attacking game,
reminding us of Kramnik's youth, when he frequently played the sharp lines of
the Rauzer Sicilian.} 0-1

[Event "ESP-chT CECLUB Honor"]
[Site "Leon"]
[Date "2012.11.06"]
[Round "2.4"]
[White "Marin, Mihail"]
[Black "Ponomariov, Ruslan"]
[Result "1/2-1/2"]
[WhiteElo "2547"]
[BlackElo "2741"]
[Annotator "Marin,M"]
[PlyCount "82"]
[EventDate "2012.11.05"]
[EventType "team-tourn"]
[EventRounds "7"]
[EventCountry "ESP"]
[SourceTitle "CBM 152"]
[Source "ChessBase"]
[SourceDate "2013.01.15"]
[SourceVersion "1"]
[SourceVersionDate "2013.01.15"]
[SourceQuality "1"]
[WhiteTeam "Foment Martinenc"]
[BlackTeam "Gros Xake Taldea"]
[WhiteTeamCountry "ESP"]
[BlackTeamCountry "ESP"]

1. d4 {I had spent for preparing this game considerably more time than usual:
about two hours. This was not only a form of implicit respect for the former
World Champion, but also a normal reaction to his wide opening repertoire.} g6
{But this took me out of the book already! After a one-minute hesitation, I
decided to try a transposition to the Torre Attack, which I had examined in
three succesive articles.} 2. Nf3 Bg7 3. e4 ({The standard Torre Atack move
order would be} 3. Bg5 {, but I wanted to avoid the ...d7-d5 systems. Later, I
found a new confirmation of the rule that there is no such thing as the
perfect move order.}) 3... d6 4. c3 Nf6 5. Bd3 O-O 6. O-O Nc6 7. Bg5 h6 8. Bh4
e5 {By now, I understood that I risked being caught in an unfavourable line,
since I had developed my light-squared bishop before Black had chosen between
6...c5, 6...Nbd7 and 6...Nc6.} 9. Na3 $5 {My first serious over-the-board
decision. I developed the knight without obstructing the d-file.} ({My problem
was that after} 9. Nbd2 g5 (9... exd4 10. Nxd4) 10. Bg3 g4 11. dxe5 ({I
vaguely knew that sacrificing the pawn does not offer enough compensation.
Actually, I had illustrated this with} 11. Ne1 exd4 12. cxd4 Nxd4 {Motylev,A 
(2674)-Korotkjevich,S (2349) Mainz 2008 (1-0 105)}) 11... dxe5 {two of my
minor pieces were hanging, forcing} 12. Ne1 $8 {, when I could not find an
advantage for White. Later, I discovered that this had been my conclusion in
the article for CBM 149.}) 9... Bg4 {A logical reaction. With the queen's
knight on d2, it would be pointless, since White could reply with 10.h3.} 10.
Nc2 Qe8 {A standard manoeuvre, unpinning the f6-knight and putting pressure on
e4.} 11. Re1 $146 {Curiously, this natural move (which I played automatically),
proved to be a novelty.} (11. Bxf6 Bxf6 12. Ne3 Bxf3 13. Qxf3 Bg7 14. dxe5 Nxe5
15. Qe2 Nxd3 16. Qxd3 Qe6 $11 {Sargissian,G (2290)-Zaichik,G (2505) Panormo
1998 (1/2, 50)}) (11. h3 Bd7 12. Bxf6 Bxf6 13. Ne3 exd4 14. Nd5 Qd8 $15 {
Stratil,L (2320)-Karlik,V (2310) Trnava 1986 (1-0, 23)}) 11... exd4 {Strictly
speaking, this may be considered a concession, but Ponomariov rightly thought
that with the bishop on g4 he could not tolerate the positional threat for too
long.} (11... Nd7 12. d5 Ne7 13. Ne3 $14 {ץg4}) (11... Nh5 12. Rc1 $5 Rc8 13.
d5 Ne7 14. Ne3 Bd7 15. c4 $36) 12. cxd4 Nd7 {Ponomariov criticised this move} (
{and suggested} 12... Nh5 {instead. However, things are not entirely clear:}
13. Rc1 Rc8 14. Bb5 $5 {/^b5-e8, פh5} g5 (14... a6 15. Bxc6 bxc6 16. e5 $5
dxe5 17. h3 $36) 15. Bg3 a6 16. Bxc6 bxc6 17. e5 Nxg3 18. hxg3 $36) 13. Rc1 $5
{An indirect form of defending the d4-pawn with a developing move, which I had
seen in the game Jussupow-McNab, Oviedo 1993, which I analysed in the
aforementioned article.} Rc8 {A small achievement for White, since the c1-rook
is more active than its counterpart.} (13... Nxd4 14. Ncxd4 Bxd4 15. Rxc7 $14)
(13... Bxd4 14. Ncxd4 Nxd4 15. Rxc7 Ne5 16. Be2 $14 {עg8}) 14. Bb5 {The only
way to keep the central pawns compact.} Bxf3 $6 {Black will not be able to
take advantage of the kingside weaknesses, while the bishop pair will make
itself felt. Ponomariov confessed that he had overlooked my 16th move.} (14...
a6 {is somewhat better, but after} 15. Bf1 $14 {there is no obvious way for
Black to get counterplay.}) 15. gxf3 a6 16. Bf1 $1 $16 {[%cal Gf1h3,Gf3f4] /
\f4, e5} Nd8 $5 {/\...Ne6-d4} 17. f4 {I consider this and the next two moves
as the most natural from a human point of view, but the computer's
alternatives are quite good as well.} (17. Ne3 $5 Ne6 18. Nf5 $16) 17... c5 (
17... Ne6 18. f5 $40) 18. d5 (18. Ne3 Bxd4 19. Nf5 $36 {ףe8}) 18... Bxb2 19.
Rb1 Bg7 20. Bh3 $5 (20. e5 dxe5 21. fxe5 g5 (21... Nxe5 22. Bg3 $1 {/\f4. I
underestimated this move} ({and was put off by the fact that} 22. f4 {is met by
} Qa4 $1)) 22. Bg3 Bxe5 23. Qh5 $36) 20... f6 {Still, if Black needs to defend
this way, it means that my last three moves were not that bad.} (20... b5 21.
e5 $40) 21. a4 $16 Rc7 (21... c4 22. Nd4 $16) 22. Bg3 {><d6} Qe7 23. Ne3 ({
The immediate occupation of the e6-square was possible one move earlier than
it took place in the game:} 23. Be6+ $5 Kh8 (23... Nxe6 24. dxe6 Qxe6 25. f5
$18 {/\Bxd6}) 24. f5 g5 25. a5 c4 $140 26. Bxd7 Qxd7 27. Nd4 $16) 23... c4 $8
24. Be6+ $1 Kh8 (24... Nxe6 25. dxe6 Qxe6 26. f5 $18 {/\Bxd6}) 25. f5 g5 {
Black is awfully passive, but hopes to improve his position while White
regroups for retrieving the pawn.} 26. Qe2 c3 27. Rec1 Nf7 28. Nc4 ({I was
reluctant to part with my active bishop, but the most direct path to a clear
advantage might have been:} 28. Bxf7 Rxf7 29. Nc4 Ne5 30. Rxc3 $16) 28... Nfe5
29. Rxc3 Nc5 30. a5 Na4 31. Bxe5 (31. Rc2 Nxc4 32. Rxc4 Nc3) 31... fxe5 32. Rc2
Rd8 33. Rbc1 Nc5 {By this moment, I had started experiencing some slight time
trouble and losing the thread.} 34. Qe3 Bf8 35. Nb6 {/\Na4} Qe8 36. Qe2 $138
Rg7 $138 {More than 20 years ago, I happened to get familiar with Petrosian's
games. Immediately after that, I started sacrificing exchanges whenever given
a chance, much to the astonishment of my team mates. In those happy years, I
would not have missed the opportunity to sacrifice on c5, neither now nor on
the next move.} 37. Rb1 $6 (37. Rxc5 $1 dxc5 38. Nc4 {(/\Nxe5 +-)} Qb5 39. Qc2
Bd6 40. f6 Rg6 41. f7 Rf6 42. Rb1 $18 {ףb5}) 37... g4 38. f6 $2 (38. Rxc5 dxc5
39. Nc4 $18) 38... Rg6 39. Bf5 Rg5 40. Kh1 Qf7 41. Bxg4 Qxf6 (41... Qxf6 42.
Rc3 Be7 43. Bf5 Rdg8 44. Rg3 $14) 1/2-1/2

[Event "Sofia MTel Masters 3rd"]
[Site "Sofia"]
[Date "2007.05.11"]
[Round "2"]
[White "Sasikiran, Krishnan"]
[Black "Mamedyarov, Shakhriyar"]
[Result "1/2-1/2"]
[WhiteElo "2690"]
[BlackElo "2757"]
[Annotator "Marin,M"]
[PlyCount "103"]
[EventDate "2007.05.10"]
[EventType "tourn"]
[EventRounds "10"]
[EventCountry "BUL"]
[EventCategory "19"]
[SourceTitle "CBM 118"]
[Source "ChessBase"]
[SourceDate "2007.05.31"]
[SourceVersion "1"]
[SourceVersionDate "2007.05.31"]
[SourceQuality "1"]

1. d4 g6 2. Nf3 Bg7 3. c3 d6 4. e4 Nf6 5. Bd3 O-O 6. O-O Nbd7 7. Re1 e5 8. Bg5
h6 9. Bh4 g5 $5 {In this positional variation of the Modern Opening, Black
usually refrains from weakening the f5- and h5-squares at such an early stage
of the game.} ({Mamedyarov had pleasant memories after} 9... b6 {, which is
supposed to be the main line:} 10. a4 a6 11. Nbd2 Bb7 12. dxe5 dxe5 13. Nc4 Qe8
14. b4 Nh5 15. Ne3 (15. Qc2 Nf4 16. Bf1 f5 17. Nfd2 Ne6 18. exf5 gxf5 19. f3
Qg6 20. Bg3 {Black has a nice development of pieces, but the weakness of the
e5-pawn invites him to concrete action.} e4 $5 21. fxe4 f4 22. Bf2 Ng5 23. Kh1
Rae8 $44 {Black has strong compensation for the sacrificed pawn, although in
the game Supatashvili,K (2469)-Izoria,Z (2466)/Tbilisi 2001/EXT 2004 (1-0, 44)
White managed to repel the attack.}) 15... Nf4 16. Bb1 Rd8 {(??)This cannot
have been played.} (16... Nf6 17. Nc4 Rd8 {might be the correct move order.})
17. Nc4 Nf6 18. Qc1 g5 19. Bg3 Nxe4 20. Bxe4 Bxe4 21. Rxe4 Qc6 22. Qc2 f5 $132
{Sokolov,I (2670)-Mamedyarov,S (2728)/Hoogeveen 2006/CBM 115 (0-1, 32)}) 10.
Bg3 Nh5 11. Nbd2 (11. dxe5 dxe5 {Now, White gets some chances to stabilise the
position, although Black has his trumps, too.} (11... Nxg3 $5 12. hxg3 g4 13.
Nd4 Nxe5 $132 {is an important alternative, leaving the g7-bishop alive.}) 12.
Na3 Nf4 13. Bc2 Nb6 {[%csl Ga3]} 14. Bxf4 gxf4 {[%csl Gg7]} (14... exf4 15. e5
Qxd1 16. Raxd1 Bg4 $132) 15. Qe2 Bg4 16. Rad1 Qe7 17. h3 Bd7 18. Kh2 Rad8 19.
Bb3 a6 20. g3 Na4 $13 {Fritz,R (2360)-Beim,V (2540)/Schwaebisch Gmuend 1995/
CBM 045 ext (0-1, 27)}) (11. Nxe5 $6 Nxe5 12. Bxe5 (12. Qxh5 $2 Bg4 {or 12...
Nxd3}) 12... dxe5 13. Qxh5 exd4 14. Qe2 Re8 15. cxd4 Qxd4 16. Nc3 c6 17. Rad1
Qe5 18. Bc4 b5 19. Bb3 a5 $15 {Goeke,B-Stadtmueller,H (2210)/Germany 1995/GER 
(0-1, 41)}) 11... exd4 (11... Nxg3 12. hxg3 Re8 (12... g4 13. Nh4 exd4 14. cxd4
Bxd4 15. Nf5 {[%csl Gg8]}) 13. Nc4 Nf8 14. Ne3 $14 {Petrovitch,I-Bonnafous,N/
Mureck 1998/CBM 065 ext (1-0, 38)}) 12. Nxd4 (12. cxd4 {[%csl Gd4]} Nxg3 13.
hxg3 c5 $132 {[%csl Gg7]}) 12... Nxg3 13. hxg3 Ne5 14. Bc2 Re8 {Optically,
Black has a nice position. However, the stability of the e5-knight is only
relative, while the weakness of the f5-square could become a telling factor in
the future.} 15. Nf1 {[%cal Yf1e3,Ye3f5]} (15. f4 Bg4 16. Qc1 Ng6 17. N2f3 Qf6
$132) 15... Bg4 {A very concrete treatment of the position.} (15... c6 16. Ne3
$14 {[%cal Ye3f5]}) 16. f3 {A necessary weakening move.} (16. Qd2 Nc4 17. Qc1
c5 $132) 16... c5 $1 (16... Bd7 17. Ne3 $14) 17. Nf5 {Giving up the intention
of consolidating a knight on this square.} ({The consequences of} 17. Nb5 {
are far from clear:} Qb6 18. a4 (18. Nxd6 Red8 $17) 18... Be6 19. Qxd6 Nc6 {
[%csl Yd6]} 20. f4 (20. Qc7 Qa6 {[%csl Gc7][%cal Ye8e7,Ya8d8,Yg7e5]}) 20... Re7
21. Qd2 Rd8 22. Qf2 a6 23. f5 (23. Na3 Qxb2) 23... axb5 24. f6 Red7 25. fxg7
Ne5 $13 {[%csl Ge5]}) 17... Bxf5 18. exf5 Qb6 19. Rb1 Nd7 $5 {In order to
achieve absolute stability on dark squares, the knight needs to be transferred
to f6.} 20. Ne3 c4 21. Qd2 Nf6 22. Kh2 Qc5 $11 {Black has a solid position and
good development, which entitles him to look into the future with optimism.}
23. b3 cxb3 24. Bxb3 Re5 25. Nc4 Rd5 26. Qe3 Qc6 27. Rbd1 Rxd1 28. Rxd1 d5 29.
Ne5 Qc7 30. Ng4 h5 31. Nxf6+ Bxf6 32. f4 gxf4 33. Qxf4 Qxf4 34. gxf4 Rd8 35.
Bxd5 b5 36. Kh3 Kf8 37. Bf3 Rxd1 38. Bxd1 h4 39. Be2 a6 40. Kg4 Kg7 41. Bf3
Bxc3 42. Kxh4 b4 43. Bd1 a5 44. Kg4 f6 45. Bb3 Bd2 46. Kf3 Bc1 47. g3 Bd2 48.
Ke4 Be1 49. Kf3 Bd2 50. Ke4 Be1 51. Kf3 Bd2 52. Ke4 1/2-1/2